000 01144nam a2200349 c 4500
999 _c20889
_d20889
001 20889
003 ES-MaCES
005 20190510040005.0
008 080225s2007 sp t 000 | spa d
017 _aAB 345-2002
_bDL
020 _a9788496721265
035 _aCES20080001225m
040 _aES-MaCES
_bspa
_cES-MaCES
100 1 _aRivas Vallejo, María Pilar
_922114
245 1 3 _aLa suspensión del contrato de trabajo
_b: naturaleza jurídica y supuestos legales
_cPilar Rivas Vallejo
250 _a1ª ed
260 _aAlbacete
_bBomarzo
_c2007
300 _a267 p.
_c21 cm
490 1 _aColección Estudios
504 _aBibliografía: p. 245-267
541 _cGratuito
650 4 _aterminación de la relación de trabajo
_929986
650 4 _aEstatuto de los Trabajadores
_930784
650 4 _aderecho del trabajo
_927165
650 4 _aEspaña
_926964
650 4 _arégimen jurídico
_929894
653 1 0 _aDerecho del trabajo y Seguridad Social
830 0 _aColección Estudios (Editorial Bomarzo)
_939568
902 _aLIB Libro
942 _2CES
_cBK
_h6.0.1.